Asamblea forestal celebrada en Zaragoza del 18 al 23 de septiembre de 1911 : crónica y trabajos presentados. (Record no. 26690)

MARC details
000 -LEADER
campo de control de longitud fija 00788nam a2200193 i 4500
001 - NÚMERO DE CONTROL
campo de control 26690
003 - IDENTIFICADOR DE NÚMERO DE CONTROL
campo de control ES-MaACL
005 - FECHA Y HORA DE LA ÚLTIMA TRANSACCIÓN
campo de control 20230906153502.0
007 - CAMPO FIJO DE DESCRIPCIÓN FÍSICA--INFORMACIÓN GENERAL
campo de control de longitud fija t|
008 - DATOS DE LONGITUD FIJA--INFORMACIÓN GENERAL
campo de control de longitud fija 030110s1912 sp ||||1| spa d
245 00 - MENCIÓN DEL TÍTULO
Título Asamblea forestal celebrada en Zaragoza del 18 al 23 de septiembre de 1911 : crónica y trabajos presentados.
260 ## - PUBLICACIÓN, DISTRIBUCIÓN, ETC.
Lugar de publicación, distribución, etc. Madrid :
Nombre del editor, distribuidor, etc. [s.n.],
Fecha de publicación, distribución, etc. 1912 (
Fabricante Imp. Alemana)
300 ## - DESCRIPCIÓN FÍSICA
Extensión 149 p., [2] h. pleg. [12] h. de lám. ;
Dimensiones 22 cm.
490 1# - MENCIÓN DE SERIE
Mención de serie Cuerpo Nacional de Ingenieros de Montes. Inspección de repoblaciones forestales y piscícolas ;
Designación de volumen o secuencia 14
650 #4 - PUNTO DE ACCESO ADICIONAL DE MATERIA--TÉRMINO DE MATERIA
Término de materia o nombre geográfico como elemento de entrada Sivicultura.
9 (RLIN) 139431
830 0# - PUNTO DE ACCESO ADICIONAL DE SERIE-TÍTULO UNIFORME
Título uniforme Cuerpo Nacional de Ingenieros de Montes. Inspección de repoblaciones forestales y piscícolas ;
Designación de volumen o secuencia 14
9 (RLIN) 183510
852 ## - LOCALIZACIÓN
Ubicación ES-MaACL
Número de control de estantería T-1330-F-2
Holdings
Estatus retirado Estado de pérdida Estado de daño No para préstamo Colección Biblioteca de origen Biblioteca actual Ubicación en estantería Fecha de adquisición Fuente de adquisición Total de préstamos Signatura topográfica completa Código de barras Visto por última vez Precio de reemplazo Tipo de ítem Koha
        Colección de folletos Biblioteca del Ateneo de Madrid Biblioteca del Ateneo de Madrid Depósito folletos 17/01/2008     T-1330-F-2 1027543 23/02/2023 23/02/2023 Folleto